000 00555nam a22001817a 4500
008 230621b |||||||| |||| 00| 0 eng d
020 _a9780333455586
040 _aNational Science Library
_cNational Science Library
080 _aR 620.2+67.02(038)
_bN0
245 _aMacmillan dictionary of materials and manufacturing
260 _aLondon:
_bMacmillan,
_c1990
300 _a v, 431p.
490 _a Macmillan reference books
650 _aScience
653 _aMaterials and manufacturing
700 _aJohn, Vernon (Ed.)
942 _2udc
_cREF
999 _c45950
_d45950